[Event "WCO2014"]
[Site "Tromso"]
[Date "2014.08.03"]
[Round "2.10"]
[WhiteID "4402618"]
[White "Franco Valencia Beatriz Irene"]
[BlackID "937266"]
[Black "Vojinovic Jovana"]
[Result "0-1"]
[LiveChessVersion "1.4.3"]
[BlackElo "2312"]
[WhiteElo "2210"]

1. d4 {[%clk 1:30:54]} d5 {[%clk 1:30:40]} 2. c4 {[%clk 1:31:10]} c6
{[%clk 1:31:00]} 3. Nc3 {[%clk 1:31:13]} Nf6 {[%clk 1:30:59]} 4. e3
{[%clk 1:31:37]} g6 {[%clk 1:31:05]} 5. Nf3 {[%clk 1:29:54]} Bg7 {[%clk 1:31:08]}
6. Bd3 {[%clk 1:29:01]} O-O {[%clk 1:31:18]} 7. h3 {[%clk 1:28:08]} c5
{[%clk 1:27:48]} 8. O-O {[%clk 1:20:07]} cxd4 {[%clk 1:23:17]} 9. exd4
{[%clk 1:20:10]} b6 {[%clk 1:23:33]} 10. Qe2 {[%clk 1:16:33]} Bb7
{[%clk 1:23:16]} 11. Rd1 {[%clk 1:16:51]} Nc6 {[%clk 1:22:48]} 12. Bg5
{[%clk 1:14:02]} Nb4 {[%clk 1:22:30]} 13. c5 {[%clk 0:55:07]} Nxd3
{[%clk 1:21:42]} 14. Qxd3 {[%clk 0:55:21]} Ne4 {[%clk 1:21:30]} 15. Qb5
{[%clk 0:43:21]} Rc8 {[%clk 1:07:57]} 16. cxb6 {[%clk 0:39:30]} h6
{[%clk 0:59:50]} 17. Bd2 {[%clk 0:34:10]} axb6 {[%clk 0:56:34]} 18. Rac1
{[%clk 0:32:30]} Qd6 {[%clk 0:54:18]} 19. b3 {[%clk 0:22:57]} Nxd2
{[%clk 0:52:04]} 20. Rxd2 {[%clk 0:22:13]} h5 {[%clk 0:52:25]} 21. Rcc2
{[%clk 0:20:51]} Bh6 {[%clk 0:52:00]} 22. Re2 {[%clk 0:18:57]} Ra8
{[%clk 0:42:30]} 23. Re1 {[%clk 0:16:05]} Rfc8 {[%clk 0:37:36]} 24. Qe2
{[%clk 0:13:41]} Ba6 {[%clk 0:35:25]} 25. Qd1 {[%clk 0:14:07]} e6
{[%clk 0:27:29]} 26. Ne5 {[%clk 0:11:16]} Rc7 {[%clk 0:24:53]} 27. Na4
{[%clk 0:11:02]} Rac8 {[%clk 0:22:21]} 28. Rxc7 {[%clk 0:10:41]} Rxc7
{[%clk 0:22:39]} 29. Qb1 {[%clk 0:09:45]} Kg7 {[%clk 0:18:57]} 30. g3
{[%clk 0:08:46]} Qb4 {[%clk 0:18:09]} 31. Nf3 {[%clk 0:08:09]} Bb5
{[%clk 0:09:55]} 32. Nb2 {[%clk 0:04:34]} Qc3 {[%clk 0:09:09]} 33. Kg2
{[%clk 0:04:44]} Qc2 {[%clk 0:07:17]} 34. a4 {[%clk 0:03:14]} Be2
{[%clk 0:04:49]} 35. Ng1 {[%clk 0:02:57]} Ba6 {[%clk 0:04:57]} 36. Qxc2
{[%clk 0:01:38]} Rxc2 {[%clk 0:05:25]} 37. Nd1 {[%clk 0:00:59]} Bd2
{[%clk 0:04:22]} 38. Re5 {[%clk 0:00:42]} Bd3 {[%clk 0:00:39]} 39. Nf3
{[%clk 0:00:40]} Be4 {[%clk 0:00:49]} 40. g4 {[%clk 0:00:45]} hxg4
{[%clk 0:00:36]} 41. hxg4 {[%clk 0:00:45]} Bf4 {[%clk 0:29:00]} 0-1

[Event "WCO2014"]
[Site "Tromso"]
[Date "2014.08.03"]
[Round "2.12"]
[WhiteID "4402413"]
[White "Castrillon Gomez Melissa"]
[BlackID "913553"]
[Black "Velikic Adela"]
[Result "1-0"]
[LiveChessVersion "1.4.3"]
[BlackElo "2145"]
[WhiteElo "2168"]

1. e4 {[%clk 1:30:53]} c5 {[%clk 1:30:55]} 2. c3 {[%clk 1:31:04]} d6
{[%clk 1:31:08]} 3. d4 {[%clk 1:30:13]} Nf6 {[%clk 1:31:25]} 4. Bd3
{[%clk 1:29:15]} g6 {[%clk 1:30:37]} 5. h3 {[%clk 1:28:04]} Bg7 {[%clk 1:30:35]}
6. Nf3 {[%clk 1:28:25]} O-O {[%clk 1:29:54]} 7. Be3 {[%clk 1:23:37]} Qc7
{[%clk 1:26:00]} 8. Na3 {[%clk 1:20:46]} a6 {[%clk 1:23:07]} 9. O-O
{[%clk 1:17:53]} b5 {[%clk 1:20:50]} 10. d5 {[%clk 0:56:46]} c4 {[%clk 1:14:07]}
11. Bc2 {[%clk 0:53:19]} Nbd7 {[%clk 1:13:39]} 12. Nb1 {[%clk 0:50:40]} Nc5
{[%clk 1:09:15]} 13. Nbd2 {[%clk 0:47:24]} e6 {[%clk 0:59:02]} 14. dxe6
{[%clk 0:38:45]} fxe6 {[%clk 0:59:14]} 15. a4 {[%clk 0:36:33]} Bb7
{[%clk 0:39:23]} 16. axb5 {[%clk 0:36:23]} axb5 {[%clk 0:37:17]} 17. Nd4
{[%clk 0:36:33]} Qd7 {[%clk 0:30:16]} 18. f3 {[%clk 0:25:51]} Nh5
{[%clk 0:21:53]} 19. Ne2 {[%clk 0:21:49]} Qe7 {[%clk 0:12:40]} 20. Rxa8
{[%clk 0:14:55]} Rxa8 {[%clk 0:11:19]} 21. b3 {[%clk 0:12:57]} d5
{[%clk 0:09:58]} 22. exd5 {[%clk 0:12:14]} exd5 {[%clk 0:10:07]} 23. Bf2
{[%clk 0:12:28]} Ne6 {[%clk 0:07:51]} 24. Re1 {[%clk 0:07:55]} Qd8
{[%clk 0:02:21]} 25. Nf1 {[%clk 0:05:57]} Nef4 {[%clk 0:00:58]} 26. Nxf4
{[%clk 0:05:11]} Nxf4 {[%clk 0:01:21]} 27. Qd2 {[%clk 0:05:30]} Qg5
{[%clk 0:00:46]} 28. Bg3 {[%clk 0:05:41]} Bh6 {[%clk 0:00:46]} 29. Qe3
{[%clk 0:02:21]} Rf8 {[%clk 0:00:33]} 30. Qb6 {[%clk 0:01:12]} Bc8
{[%clk 0:00:36]} 31. Qxb5 {[%clk 0:00:52]} Nh5 {[%clk 0:00:31]} 32. h4
{[%clk 0:00:38]} Qd8 {[%clk 0:00:52]} 33. Bf2 {[%clk 0:00:34]} Bg7
{[%clk 0:00:33]} 34. bxc4 {[%clk 0:00:48]} Bxc3 {[%clk 0:00:38]} 35. Rd1
{[%clk 0:00:56]} d4 {[%clk 0:00:35]} 36. c5 {[%clk 0:00:37]} Nf4 {[%clk 0:00:44]}
37. Bb3+ {[%clk 0:00:36]} Kh8 {[%clk 0:01:00]} 38. c6 {[%clk 0:00:42]} Rf5
{[%clk 0:00:39]} 39. Qc4 {[%clk 0:00:35]} Qe8 {[%clk 0:00:52]} 40. Bxd4+
{[%clk 0:00:44]} Bxd4+ {[%clk 0:01:03]} 41. Qxd4+ {[%clk 0:01:10]} Qe5
{[%clk 0:00:39]} 42. Qxe5+ {[%clk 0:01:21]} Rxe5 {[%clk 0:01:04]} 43. Rd8+
{[%clk 0:01:42]} 1-0

[Event "WCO2014"]
[Site "Tromso"]
[Date "2014.08.03"]
[Round "2.5"]
[WhiteID "4200446"]
[White "Botsari Anna-Maria"]
[BlackID "1004786"]
[Black "Peng Zhaoqin"]
[Result "0-1"]
[LiveChessVersion "1.4.3"]
[BlackElo "2391"]
[WhiteElo "2299"]

1. d4 {[%clk 1:30:58]} d5 {[%clk 1:30:54]} 2. c4 {[%clk 1:31:23]} dxc4
{[%clk 1:31:13]} 3. Nf3 {[%clk 1:31:47]} Nf6 {[%clk 1:31:27]} 4. e3
{[%clk 1:32:11]} Bg4 {[%clk 1:31:49]} 5. Bxc4 {[%clk 1:32:34]} e6
{[%clk 1:32:15]} 6. O-O {[%clk 1:31:45]} Nbd7 {[%clk 1:31:40]} 7. Be2
{[%clk 1:28:48]} c5 {[%clk 1:28:54]} 8. h3 {[%clk 1:25:58]} Bh5 {[%clk 1:29:02]}
9. Nc3 {[%clk 1:25:49]} Be7 {[%clk 1:27:27]} 10. d5 {[%clk 1:22:42]} exd5
{[%clk 1:27:47]} 11. Nxd5 {[%clk 1:23:06]} O-O {[%clk 1:27:44]} 12. Nf4
{[%clk 1:20:27]} Bg6 {[%clk 1:28:01]} 13. Nxg6 {[%clk 1:20:53]} hxg6
{[%clk 1:28:28]} 14. Qc2 {[%clk 1:19:37]} Qc7 {[%clk 1:08:11]} 15. b3
{[%clk 1:18:33]} Nd5 {[%clk 1:00:58]} 16. Bb2 {[%clk 1:18:39]} Bf6
{[%clk 1:00:53]} 17. Rac1 {[%clk 1:12:41]} Rad8 {[%clk 0:53:26]} 18. a3
{[%clk 1:07:48]} Qc6 {[%clk 0:45:59]} 19. Rfd1 {[%clk 1:06:19]} b6
{[%clk 0:40:46]} 20. Bc4 {[%clk 0:56:34]} Bxb2 {[%clk 0:39:39]} 21. Qxb2
{[%clk 0:56:52]} Qf6 {[%clk 0:38:20]} 22. Qxf6 {[%clk 0:55:49]} N5xf6
{[%clk 0:35:11]} 23. Bb5 {[%clk 0:40:37]} Nb8 {[%clk 0:33:25]} 24. Ne5
{[%clk 0:39:15]} Ne4 {[%clk 0:27:57]} 25. Bc4 {[%clk 0:38:19]} Nd6
{[%clk 0:25:28]} 26. Nxg6 {[%clk 0:33:30]} Rfe8 {[%clk 0:21:46]} 27. Bd5
{[%clk 0:32:20]} Nb5 {[%clk 0:15:09]} 28. a4 {[%clk 0:27:03]} Nc7
{[%clk 0:15:07]} 29. Bc4 {[%clk 0:21:40]} Nc6 {[%clk 0:15:30]} 30. Nf4
{[%clk 0:19:00]} Kf8 {[%clk 0:14:50]} 31. Kf1 {[%clk 0:18:16]} Nb4
{[%clk 0:12:24]} 32. Ke1 {[%clk 0:14:56]} Ke7 {[%clk 0:07:29]} 33. h4
{[%clk 0:13:08]} a6 {[%clk 0:06:13]} 34. Rxd8 {[%clk 0:12:08]} Rxd8
{[%clk 0:06:42]} 35. Rd1 {[%clk 0:12:07]} Rh8 {[%clk 0:05:00]} 36. h5
{[%clk 0:12:23]} Rc8 {[%clk 0:04:44]} 37. Be2 {[%clk 0:10:38]} Rb8
{[%clk 0:01:52]} 38. Bg4 {[%clk 0:09:53]} Ne6 {[%clk 0:01:14]} 39. Nd5+
{[%clk 0:09:20]} Nxd5 {[%clk 0:01:12]} 40. Rxd5 {[%clk 0:09:45]} Rb7
{[%clk 0:00:48]} 41. f4 {[%clk 0:05:21]} Rc7 {[%clk 0:28:09]} 42. Be2
{[%clk 0:35:01]} Ra7 {[%clk 0:28:03]} 43. Kd2 {[%clk 0:29:24]} f6
{[%clk 0:27:59]} 44. Bg4 {[%clk 0:28:15]} Rc7 {[%clk 0:24:10]} 45. Kc3
{[%clk 0:27:32]} Nd8 {[%clk 0:22:54]} 46. Be2 {[%clk 0:24:37]} Nc6
{[%clk 0:23:00]} 47. g4 {[%clk 0:21:41]} Nb4 {[%clk 0:22:22]} 48. Rd2
{[%clk 0:21:53]} Ke8 {[%clk 0:21:29]} 49. Bf3 {[%clk 0:17:55]} Re7
{[%clk 0:16:37]} 50. Re2 {[%clk 0:12:09]} b5 {[%clk 0:11:39]} 51. Bg2
{[%clk 0:09:11]} Kf7 {[%clk 0:10:23]} 52. e4 {[%clk 0:09:10]} Nd5+
{[%clk 0:10:30]} 53. Kb2 {[%clk 0:04:57]} Nxf4 {[%clk 0:10:51]} 54. Rd2
{[%clk 0:05:21]} Nxg2 {[%clk 0:11:06]} 55. Rxg2 {[%clk 0:05:48]} Rxe4
{[%clk 0:11:24]} 56. axb5 {[%clk 0:06:13]} axb5 {[%clk 0:11:51]} 57. g5
{[%clk 0:05:17]} Rh4 {[%clk 0:09:38]} 58. g6+ {[%clk 0:05:38]} Ke6
{[%clk 0:08:40]} 59. Re2+ {[%clk 0:06:03]} Kf5 {[%clk 0:06:54]} 60. Re7
{[%clk 0:04:13]} Rxh5 {[%clk 0:07:16]} 61. Rxg7 {[%clk 0:04:41]} b4
{[%clk 0:06:12]} 62. Rg8 {[%clk 0:04:50]} Rg5 {[%clk 0:06:19]} 63. Kc2
{[%clk 0:03:18]} Rg2+ {[%clk 0:05:10]} 64. Kb1 {[%clk 0:03:39]} Rxg6
{[%clk 0:04:29]} 65. Rc8 {[%clk 0:04:09]} Rg4 {[%clk 0:04:20]} 66. Rxc5+
{[%clk 0:04:33]} Ke4 {[%clk 0:04:25]} 67. Rb5 {[%clk 0:04:49]} Ke3
{[%clk 0:04:35]} 68. Kc2 {[%clk 0:04:52]} Rf4 {[%clk 0:04:37]} 69. Rb6
{[%clk 0:05:05]} f5 {[%clk 0:04:29]} 70. Re6+ {[%clk 0:04:57]} Re4
{[%clk 0:04:30]} 71. Rh6 {[%clk 0:04:27]} f4 {[%clk 0:04:47]} 72. Kd1
{[%clk 0:04:54]} Kd3 {[%clk 0:04:21]} 73. Rh3+ {[%clk 0:04:00]} Re3
{[%clk 0:04:20]} 74. Rh4 {[%clk 0:04:28]} Ke4 {[%clk 0:03:31]} 75. Kc2
{[%clk 0:04:45]} Re2+ {[%clk 0:03:39]} 76. Kc1 {[%clk 0:04:53]} Ke3
{[%clk 0:03:41]} 77. Rh8 {[%clk 0:04:10]} f3 {[%clk 0:03:31]} 78. Kd1
{[%clk 0:04:06]} Rd2+ {[%clk 0:03:20]} 79. Kc1 {[%clk 0:04:31]} Rg2
{[%clk 0:03:10]} 80. Rh1 {[%clk 0:02:21]} f2 {[%clk 0:02:55]} 0-1

[Event "WCO2014"]
[Site "Tromso"]
[Date "2014.08.03"]
[Round "2.6"]
[WhiteID "1017292"]
[White "Haast Anne"]
[BlackID "4264312"]
[Black "Tsolakidou Stavroula"]
[Result "1-0"]
[LiveChessVersion "1.4.3"]
[BlackElo "2240"]
[WhiteElo "2324"]

1. e4 {[%clk 1:30:56]} c5 {[%clk 1:30:52]} 2. Nf3 {[%clk 1:31:02]} d6
{[%clk 1:31:11]} 3. d4 {[%clk 1:31:24]} cxd4 {[%clk 1:31:32]} 4. Nxd4
{[%clk 1:31:34]} Nf6 {[%clk 1:31:49]} 5. Nc3 {[%clk 1:31:40]} a6 {[%clk 1:32:07]}
6. Qe2 {[%clk 1:31:11]} e5 {[%clk 1:31:54]} 7. Nf5 {[%clk 1:31:06]} g6
{[%clk 1:32:01]} 8. Ne3 {[%clk 1:30:40]} Be6 {[%clk 1:31:54]} 9. g3
{[%clk 1:30:11]} Nbd7 {[%clk 1:30:42]} 10. Bg2 {[%clk 1:28:40]} Rc8
{[%clk 1:29:20]} 11. a4 {[%clk 1:23:57]} Qa5 {[%clk 1:23:33]} 12. O-O
{[%clk 1:18:06]} b5 {[%clk 1:16:51]} 13. Rd1 {[%clk 1:13:10]} Nb6
{[%clk 1:01:05]} 14. Bd2 {[%clk 1:01:52]} b4 {[%clk 0:57:48]} 15. Ncd5
{[%clk 0:59:39]} Nfxd5 {[%clk 0:52:38]} 16. exd5 {[%clk 0:56:58]} Bd7
{[%clk 0:50:09]} 17. b3 {[%clk 0:52:03]} Bg7 {[%clk 0:36:37]} 18. Qe1
{[%clk 0:51:02]} Rc3 {[%clk 0:24:37]} 19. Bxc3 {[%clk 0:49:25]} bxc3
{[%clk 0:25:02]} 20. Qe2 {[%clk 0:47:28]} O-O {[%clk 0:21:26]} 21. Rdb1
{[%clk 0:46:38]} Nc8 {[%clk 0:14:38]} 22. b4 {[%clk 0:42:08]} Qb6
{[%clk 0:14:02]} 23. b5 {[%clk 0:39:50]} axb5 {[%clk 0:10:46]} 24. axb5
{[%clk 0:39:49]} f5 {[%clk 0:08:51]} 25. Ra6 {[%clk 0:13:00]} Qb7
{[%clk 0:08:49]} 26. Rc6 {[%clk 0:11:52]} e4 {[%clk 0:06:36]} 27. Qc4
{[%clk 0:10:47]} Nb6 {[%clk 0:05:21]} 28. Qb3 {[%clk 0:08:57]} Bd4
{[%clk 0:03:54]} 29. Rxd6 {[%clk 0:05:32]} Qb8 {[%clk 0:02:42]} 30. Qb4
{[%clk 0:04:42]} Be5 {[%clk 0:02:23]} 31. Rxb6 {[%clk 0:04:32]} Qxb6
{[%clk 0:02:42]} 32. Nc4 {[%clk 0:04:54]} Qf6 {[%clk 0:01:51]} 33. Nxe5
{[%clk 0:04:59]} Qxe5 {[%clk 0:02:14]} 34. b6 {[%clk 0:05:12]} Rb8
{[%clk 0:01:42]} 35. Qc5 {[%clk 0:02:18]} Rc8 {[%clk 0:01:14]} 36. Qa5
{[%clk 0:01:09]} e3 {[%clk 0:01:01]} 37. fxe3 {[%clk 0:01:09]} Qxe3+
{[%clk 0:01:25]} 38. Kh1 {[%clk 0:01:37]} Qe5 {[%clk 0:00:51]} 39. Qa7
{[%clk 0:01:27]} Qd6 {[%clk 0:00:40]} 40. b7 {[%clk 0:01:10]} Rb8
{[%clk 0:01:02]} 41. Qb6 {[%clk 0:29:59]} Qe5 {[%clk 0:05:27]} 42. d6
{[%clk 0:27:53]} f4 {[%clk 0:01:58]} 43. Qc7 {[%clk 0:25:53]} Qe8
{[%clk 0:01:51]} 44. Bd5+ {[%clk 0:24:05]} Kg7 {[%clk 0:01:12]} 45. Qxc3+
{[%clk 0:22:29]} Kh6 {[%clk 0:01:13]} 46. gxf4 {[%clk 0:20:53]} Bf5
{[%clk 0:00:44]} 47. Re1 {[%clk 0:20:05]} Qd7 {[%clk 0:00:42]} 48. Re7
{[%clk 0:19:21]} Qxd6 {[%clk 0:00:41]} 49. Qg7+ {[%clk 0:19:36]} Kh5
{[%clk 0:01:05]} 50. Bf3+ {[%clk 0:19:50]} 1-0

[Event "WCO2014"]
[Site "Tromso"]
[Date "2014.08.03"]
[Round "2.7"]
[WhiteID "4213262"]
[White "Pavlidou Ekaterini"]
[BlackID "1019481"]
[Black "Schut Lisa"]
[Result "1-0"]
[LiveChessVersion "1.4.3"]
[BlackElo "2317"]
[WhiteElo "2170"]

1. d4 Nf6 2. c4 g6 3. Nc3 d5 4. Nf3 Bg7 5. h4 c6 6. Bg5 Ne4 7. Bf4 h5 8. e3 Qa5
9. Qb3 O-O 10. cxd5 Nxc3 11. bxc3 cxd5 12. Be2 Nc6 13. O-O Qd8 14. a4 Na5 15. Qb4
Bg4 16. Bg3 Rc8 17. Rfc1 Bf6 18. Ra2 b6 19. Ba6 Ra8 20. Ne5 e6 21. c4 Bxe5 22.
dxe5 Bf5 23. cxd5 exd5 24. Rd2 Be6 25. e4 d4 26. Rxd4 Qe8 27. Rd6 Bd7 28. Bb5
Bxb5 29. axb5 Rc8 30. Rcd1 Qe7 31. Rxg6+ 1-0

[Event "WCO2014"]
[Site "Tromso"]
[Date "2014.08.03"]
[Round "2.8"]
[WhiteID "1005308"]
[White "Lanchava Tea"]
[BlackID "4200187"]
[Black "Makropoulou Marina"]
[Result "1-0"]
[LiveChessVersion "1.4.3"]
[BlackElo "2218"]
[WhiteElo "2276"]

1. d4 {[%clk 1:30:56]} e6 {[%clk 1:30:17]} 2. Nf3 {[%clk 1:31:03]} Nf6
{[%clk 1:29:04]} 3. e3 {[%clk 1:31:23]} b6 {[%clk 1:28:09]} 4. Bd3
{[%clk 1:31:26]} Bb7 {[%clk 1:27:29]} 5. O-O {[%clk 1:31:35]} Be7
{[%clk 1:25:46]} 6. b3 {[%clk 1:31:11]} O-O {[%clk 1:24:22]} 7. Nbd2
{[%clk 1:29:34]} d5 {[%clk 1:24:43]} 8. Bb2 {[%clk 1:28:52]} Nbd7
{[%clk 1:24:10]} 9. Ne5 {[%clk 1:24:34]} Nxe5 {[%clk 1:19:44]} 10. dxe5
{[%clk 1:24:53]} Ne4 {[%clk 1:20:00]} 11. Nb1 {[%clk 0:53:21]} f5
{[%clk 1:18:41]} 12. f3 {[%clk 0:51:07]} Nc5 {[%clk 1:14:20]} 13. Be2
{[%clk 0:47:38]} Ba6 {[%clk 1:11:05]} 14. a4 {[%clk 0:46:06]} Bxe2
{[%clk 1:05:57]} 15. Qxe2 {[%clk 0:46:30]} c6 {[%clk 1:06:17]} 16. Nd2
{[%clk 0:42:36]} Qc7 {[%clk 0:53:18]} 17. Rfd1 {[%clk 0:40:38]} Rad8
{[%clk 0:30:01]} 18. Rac1 {[%clk 0:38:42]} Qb7 {[%clk 0:28:03]} 19. Kh1
{[%clk 0:29:38]} Rd7 {[%clk 0:27:16]} 20. Ra1 {[%clk 0:26:53]} a5
{[%clk 0:26:04]} 21. Bd4 {[%clk 0:24:54]} Na6 {[%clk 0:23:52]} 22. f4
{[%clk 0:17:23]} Nb4 {[%clk 0:18:45]} 23. Nf3 {[%clk 0:17:21]} c5
{[%clk 0:19:07]} 24. Bb2 {[%clk 0:17:36]} Rfd8 {[%clk 0:18:36]} 25. c3
{[%clk 0:15:23]} Qa6 {[%clk 0:11:19]} 26. Qd2 {[%clk 0:13:04]} Nc6
{[%clk 0:11:42]} 27. h3 {[%clk 0:11:54]} g6 {[%clk 0:10:31]} 28. Kh2
{[%clk 0:12:16]} Kf7 {[%clk 0:09:48]} 29. g4 {[%clk 0:12:32]} Qb7
{[%clk 0:09:37]} 30. gxf5 {[%clk 0:12:21]} exf5 {[%clk 0:06:47]} 31. Qe2
{[%clk 0:12:39]} Rg8 {[%clk 0:01:55]} 32. c4 {[%clk 0:12:48]} d4 {[%clk 0:01:25]}
33. e6+ {[%clk 0:13:08]} Kxe6 {[%clk 0:01:36]} 34. exd4+ {[%clk 0:13:32]} Kf7
{[%clk 0:01:49]} 35. d5 {[%clk 0:13:39]} Nd4 {[%clk 0:00:58]} 36. Bxd4
{[%clk 0:13:47]} cxd4 {[%clk 0:01:23]} 37. Ne5+ {[%clk 0:11:45]} Kf8
{[%clk 0:01:47]} 38. Nxd7+ {[%clk 0:10:59]} Qxd7 {[%clk 0:02:15]} 39. Qe5
{[%clk 0:11:06]} g5 {[%clk 0:01:03]} 40. Rxd4 {[%clk 0:10:17]} Rg6
{[%clk 0:00:36]} 41. Qh8+ {[%clk 0:09:20]} Rg8 {[%clk 0:01:06]} 42. Qxh7
{[%clk 0:08:56]} Rg7 {[%clk 0:01:21]} 43. Qh8+ {[%clk 0:09:40]} Kf7
{[%clk 0:01:32]} 44. Qh5+ {[%clk 0:09:27]} Kg8 {[%clk 0:01:54]} 45. Re1
{[%clk 0:09:19]} g4 {[%clk 0:00:40]} 46. d6 {[%clk 0:06:26]} Bf8 {[%clk 0:29:29]}
47. Qe8 {[%clk 0:35:45]} Qb7 {[%clk 0:25:46]} 48. d7 {[%clk 0:32:02]} 1-0

[Event "WCO2014"]
[Site "Tromso"]
[Date "2014.08.03"]
[Round "2.2"]
[WhiteID "6302599"]
[White "Ozturk Kubra"]
[BlackID "1708830"]
[Black "Agrest Inna"]
[Result "1/2-1/2"]
[LiveChessVersion "1.4.3"]
[BlackElo "2235"]
[WhiteElo "2291"]

1. d4 {[%clk 1:30:55]} d5 {[%clk 1:30:53]} 2. c4 {[%clk 1:31:08]} e6
{[%clk 1:31:17]} 3. Nf3 {[%clk 1:31:03]} c5 {[%clk 1:31:38]} 4. cxd5
{[%clk 1:29:23]} exd5 {[%clk 1:32:00]} 5. Nc3 {[%clk 1:27:31]} Nc6
{[%clk 1:32:09]} 6. Bg5 {[%clk 1:13:23]} Be7 {[%clk 1:32:30]} 7. Bxe7
{[%clk 1:10:56]} Ngxe7 {[%clk 1:32:54]} 8. dxc5 {[%clk 1:07:23]} d4
{[%clk 1:27:38]} 9. Ne4 {[%clk 1:05:10]} O-O {[%clk 1:27:45]} 10. a3
{[%clk 1:00:10]} Qd5 {[%clk 1:24:44]} 11. Ned2 {[%clk 0:57:47]} Rd8
{[%clk 1:16:24]} 12. Rc1 {[%clk 0:47:22]} Bg4 {[%clk 1:05:01]} 13. Qb3
{[%clk 0:27:41]} Qh5 {[%clk 1:02:11]} 14. e3 {[%clk 0:26:16]} dxe3
{[%clk 0:56:43]} 15. fxe3 {[%clk 0:26:33]} Nd5 {[%clk 0:53:53]} 16. Kf2
{[%clk 0:22:11]} Na5 {[%clk 0:41:39]} 17. Qa4 {[%clk 0:19:58]} Bxf3
{[%clk 0:33:36]} 18. Nxf3 {[%clk 0:19:51]} Nxe3 {[%clk 0:32:31]} 19. Be2
{[%clk 0:16:19]} Ng4+ {[%clk 0:29:10]} 20. Kg3 {[%clk 0:16:19]} Nf6
{[%clk 0:27:40]} 21. h3 {[%clk 0:15:26]} Nc6 {[%clk 0:21:00]} 22. Rhe1
{[%clk 0:11:12]} Ne5 {[%clk 0:13:42]} 23. Kh2 {[%clk 0:10:35]} Neg4+
{[%clk 0:12:24]} 24. Kg1 {[%clk 0:10:32]} Ne3 {[%clk 0:12:30]} 25. Qb3
{[%clk 0:09:10]} Nfd5 {[%clk 0:10:42]} 26. Nh2 {[%clk 0:02:52]} Qg5
{[%clk 0:09:31]} 27. Bf3 {[%clk 0:01:21]} Nxg2 {[%clk 0:08:00]} 28. Bxg2
{[%clk 0:01:38]} Nf4 {[%clk 0:08:25]} 29. Rc2 {[%clk 0:01:41]} Rd3
{[%clk 0:08:36]} 30. Qxb7 {[%clk 0:01:36]} Rad8 {[%clk 0:08:49]} 31. Qe7
{[%clk 0:00:51]} Nxh3+ {[%clk 0:07:44]} 32. Kh1 {[%clk 0:01:05]} Rd1
{[%clk 0:07:59]} 33. Rce2 {[%clk 0:00:47]} Nf2+ {[%clk 0:05:34]} 34. Kg1
{[%clk 0:01:15]} Nh3+ {[%clk 0:05:53]} 35. Kh1 {[%clk 0:01:43]} Nf2+
{[%clk 0:06:16]} 36. Kg1 {[%clk 0:02:11]} Nh3+ {[%clk 0:06:01]} 37. Kf1
{[%clk 0:01:17]} Qf5+ {[%clk 0:03:20]} 38. Nf3 {[%clk 0:01:46]} h5
{[%clk 0:01:01]} 39. Qe4 {[%clk 0:01:13]} Qc8 {[%clk 0:01:20]} 40. Qh4
{[%clk 0:00:57]} Rxe1+ {[%clk 0:00:51]} 41. Rxe1 {[%clk 0:00:51]} Qa6+
{[%clk 0:30:30]} 42. Re2 {[%clk 0:30:36]} Rd1+ {[%clk 0:28:13]} 43. Ne1
{[%clk 0:29:08]} Ng1 {[%clk 0:25:07]} 44. Qe4 {[%clk 0:19:21]} Nxe2
{[%clk 0:17:02]} 45. Qe8+ {[%clk 0:19:38]} Kh7 {[%clk 0:17:16]} 46. Qxe2
{[%clk 0:19:54]} Qf6+ {[%clk 0:17:11]} 47. Kg1 {[%clk 0:18:39]} Qd4+
{[%clk 0:17:21]} 48. Kf1 {[%clk 0:19:05]} Qf6+ {[%clk 0:16:45]} 49. Kg1
{[%clk 0:19:29]} Qd4+ {[%clk 0:16:53]} 50. Kf1 {[%clk 0:19:51]} Qf6+
{[%clk 0:12:00]} 1/2-1/2

[Event "WCO2014"]
[Site "Tromso"]
[Date "2014.08.03"]
[Round "2.3"]
[WhiteID "1708481"]
[White "Frisk Ellinor"]
[BlackID "13401823"]
[Black "Isgandarova Khayala"]
[Result "1/2-1/2"]
[LiveChessVersion "1.4.3"]
[BlackElo "2190"]
[WhiteElo "2257"]

1. Nf3 {[%clk 1:30:55]} Nf6 {[%clk 1:30:45]} 2. c4 {[%clk 1:31:21]} g6
{[%clk 1:31:07]} 3. Nc3 {[%clk 1:31:24]} d6 {[%clk 1:31:32]} 4. g3
{[%clk 1:31:14]} Bg7 {[%clk 1:31:52]} 5. Bg2 {[%clk 1:31:39]} O-O
{[%clk 1:31:47]} 6. O-O {[%clk 1:32:06]} Nc6 {[%clk 1:31:52]} 7. Rb1
{[%clk 1:31:47]} e5 {[%clk 1:31:58]} 8. d3 {[%clk 1:32:11]} Nh5 {[%clk 1:31:53]}
9. b4 {[%clk 1:30:13]} f5 {[%clk 1:31:14]} 10. b5 {[%clk 1:26:01]} Ne7
{[%clk 1:30:45]} 11. Qb3 {[%clk 1:19:17]} Kh8 {[%clk 1:22:53]} 12. Nd2
{[%clk 1:07:41]} f4 {[%clk 1:18:28]} 13. Bb2 {[%clk 1:05:12]} a6 {[%clk 1:15:29]}
14. a4 {[%clk 1:05:23]} axb5 {[%clk 0:59:30]} 15. axb5 {[%clk 1:05:37]} Rb8
{[%clk 0:59:33]} 16. Nd5 {[%clk 1:04:08]} Nxd5 {[%clk 0:54:29]} 17. cxd5
{[%clk 1:00:08]} Bg4 {[%clk 0:52:57]} 18. Bf3 {[%clk 0:48:26]} fxg3
{[%clk 0:42:28]} 19. hxg3 {[%clk 0:39:31]} Qd7 {[%clk 0:38:49]} 20. d4
{[%clk 0:27:31]} Bxf3 {[%clk 0:25:12]} 21. Nxf3 {[%clk 0:27:43]} Qg4
{[%clk 0:22:42]} 22. Nh2 {[%clk 0:19:53]} Qxe2 {[%clk 0:20:06]} 23. dxe5
{[%clk 0:20:15]} Bxe5 {[%clk 0:17:50]} 24. Bxe5+ {[%clk 0:20:30]} Qxe5
{[%clk 0:18:12]} 25. Rbe1 {[%clk 0:20:32]} Qd4 {[%clk 0:13:39]} 26. Nf3
{[%clk 0:18:13]} Qf6 {[%clk 0:12:32]} 27. Re3 {[%clk 0:18:03]} Rbe8
{[%clk 0:08:22]} 28. Rfe1 {[%clk 0:18:04]} Rxe3 {[%clk 0:08:47]} 29. Rxe3
{[%clk 0:18:29]} Qa1+ {[%clk 0:09:02]} 30. Kg2 {[%clk 0:18:37]} Nf6
{[%clk 0:08:15]} 31. Re1 {[%clk 0:13:50]} Qa5 {[%clk 0:06:28]} 32. Qb2
{[%clk 0:12:41]} Kg8 {[%clk 0:05:50]} 33. Re7 {[%clk 0:12:46]} Qa8
{[%clk 0:02:00]} 34. b6 {[%clk 0:06:17]} cxb6 {[%clk 0:01:21]} 35. Ng5
{[%clk 0:06:41]} Qd8 {[%clk 0:01:27]} 36. Rg7+ {[%clk 0:06:25]} Kxg7
{[%clk 0:01:43]} 37. Ne6+ {[%clk 0:06:52]} Kf7 {[%clk 0:02:05]} 38. Nxd8+
{[%clk 0:07:15]} Rxd8 {[%clk 0:02:32]} 39. Qxb6 {[%clk 0:05:25]} Rd7
{[%clk 0:02:58]} 40. Qb5 {[%clk 0:03:09]} Re7 {[%clk 0:02:12]} 41. f3
{[%clk 0:29:21]} Rc7 {[%clk 0:29:11]} 42. g4 {[%clk 0:28:53]} h6 {[%clk 0:28:03]}
43. Qb6 {[%clk 0:25:13]} Rd7 {[%clk 0:18:10]} 44. Qe3 {[%clk 0:20:28]} g5
{[%clk 0:15:45]} 45. Qe6+ {[%clk 0:20:39]} Kg7 {[%clk 0:16:11]} 46. Kf2
{[%clk 0:17:31]} b5 {[%clk 0:12:48]} 47. Ke2 {[%clk 0:16:47]} b4 {[%clk 0:12:21]}
48. Kd2 {[%clk 0:16:48]} b3 {[%clk 0:12:07]} 49. Kc1 {[%clk 0:11:45]} Rc7+
{[%clk 0:11:29]} 50. Kb2 {[%clk 0:12:07]} Rc5 {[%clk 0:11:20]} 51. Qxd6
{[%clk 0:12:18]} Rxd5 {[%clk 0:11:38]} 52. Qe7+ {[%clk 0:10:33]} Kg6
{[%clk 0:12:02]} 53. Qe3 {[%clk 0:10:46]} Rd7 {[%clk 0:11:08]} 54. Kxb3
{[%clk 0:10:50]} Kf7 {[%clk 0:09:22]} 55. Kc4 {[%clk 0:10:18]} Rc7+
{[%clk 0:09:36]} 56. Kd4 {[%clk 0:09:58]} Rd7+ {[%clk 0:09:44]} 57. Kc5
{[%clk 0:09:40]} Rc7+ {[%clk 0:09:55]} 58. Kd6 {[%clk 0:08:36]} Rd7+
{[%clk 0:10:14]} 59. Kc6 {[%clk 0:08:31]} Rc7+ {[%clk 0:10:33]} 60. Kb5
{[%clk 0:07:55]} Rb7+ {[%clk 0:10:42]} 61. Ka6 {[%clk 0:07:25]} Rb4
{[%clk 0:09:46]} 62. Ka5 {[%clk 0:05:52]} Rf4 {[%clk 0:08:34]} 63. Qb3+
{[%clk 0:05:35]} Kg6 {[%clk 0:08:45]} 64. Qd3+ {[%clk 0:05:58]} Kg7
{[%clk 0:09:08]} 65. Kb5 {[%clk 0:06:08]} h5 {[%clk 0:07:14]} 66. gxh5
{[%clk 0:06:10]} Nxh5 {[%clk 0:07:35]} 67. Kc5 {[%clk 0:05:11]} Rf6
{[%clk 0:06:43]} 68. Qd5 {[%clk 0:05:00]} Kg6 {[%clk 0:06:39]} 69. Kd4
{[%clk 0:04:33]} Ng7 {[%clk 0:04:24]} 70. Ke3 {[%clk 0:03:17]} Nf5+
{[%clk 0:04:43]} 71. Kf2 1/2-1/2